| 000 | 00464nam a2200169 i 4500 | ||
|---|---|---|---|
| 001 | 149261 | ||
| 003 | ES-MaACL | ||
| 005 | 20230906203022.0 | ||
| 007 | t| | ||
| 008 | 071019s1924 ve ||||1| spa d | ||
| 100 | 1 |
_aVeloz Goiticoa, N. _9113863 |
|
| 245 | 1 | 0 |
_aVenezuela, 1924 / _cN. Veloz Goiticoa. |
| 260 |
_aCaracas : _bLit. del Comercio, _c1924. |
||
| 300 |
_a140 p. ; _c24 cm. |
||
| 651 | 4 |
_aVenezuela- _xDescripción. _99517 |
|
| 852 |
_aES-MaACL _j1669-F-7 |
||
| 999 |
_c149261 _d149261 |
||